從前從前,有家金淼寫真舘 : (Record no. 7609)
[ view plain ]
| 000 -LEADER | |
|---|---|
| fixed length control field | 01065cam a2200337 i 4500 |
| 001 - CONTROL NUMBER | |
| control field | 1177492 |
| 003 - CONTROL NUMBER IDENTIFIER | |
| control field | YEEZEN |
| 005 - DATE AND TIME OF LATEST TRANSACTION | |
| control field | 20241024151117.0 |
| 008 - FIXED-LENGTH DATA ELEMENTS--GENERAL INFORMATION | |
| fixed length control field | 231220s2023 ch ab g b 000 0 chi d |
| 020 ## - INTERNATIONAL STANDARD BOOK NUMBER | |
| International Standard Book Number | 9786263611832 |
| Qualifying information | (平裝) : |
| Terms of availability | NT$450 |
| 040 ## - CATALOGING SOURCE | |
| Original cataloging agency | TWTNM |
| Language of cataloging | chi |
| Transcribing agency | TWTNM |
| 042 ## - AUTHENTICATION CODE | |
| Authentication code | nbic |
| 084 ## - OTHER CLASSIFICATION NUMBER | |
| Classification number | 733.9 / 109.9 / 117.4 |
| Number source | ncsclt |
| 090 ## - LOCALLY ASSIGNED LC-TYPE CALL NUMBER (OCLC); LOCAL CALL NUMBER (RLIN) | |
| Classification number (OCLC) (R) ; Classification number, CALL (RLIN) (NR) | 733.9 / 109.9 / 117.4 |
| 100 1# - MAIN ENTRY--PERSONAL NAME | |
| Personal name | 彭啟原 |
| 245 10 - TITLE STATEMENT | |
| Title | 從前從前,有家金淼寫真舘 : |
| Remainder of title | 吳金淼.吳金榮兄弟鏡頭下的楊梅故事 / |
| Statement of responsibility, etc. | 彭啟原撰文 ; 吳金淼, 吳金榮攝影 |
| 246 30 - VARYING FORM OF TITLE | |
| Title proper/short title | 吳金淼.吳金榮兄弟鏡頭下的楊梅故事 |
| 250 ## - EDITION STATEMENT | |
| Edition statement | 初版 |
| 260 ## - PUBLICATION, DISTRIBUTION, ETC. | |
| Place of publication, distribution, etc. | 臺北市 : |
| Name of publisher, distributor, etc. | 遠流, |
| Date of publication, distribution, etc. | 2023.09 |
| 300 ## - PHYSICAL DESCRIPTION | |
| Extent | 255面 : |
| Other physical details | 圖, 地圖 ; |
| Dimensions | 23公分 |
| 490 1# - SERIES STATEMENT | |
| Series statement | 新台灣史記 ; |
| Volume/sequential designation | 14. |
| 504 ## - BIBLIOGRAPHY, ETC. NOTE | |
| Bibliography, etc. note | 參考書目: 面253. |
| 650 #7 - SUBJECT ADDED ENTRY--TOPICAL TERM | |
| Topical term or geographic name entry element | 人文地理 |
| Source of heading or term | lcstt. |
| 650 #7 - SUBJECT ADDED ENTRY--TOPICAL TERM | |
| Topical term or geographic name entry element | 歷史 |
| Source of heading or term | lcstt. |
| 650 #7 - SUBJECT ADDED ENTRY--TOPICAL TERM | |
| Topical term or geographic name entry element | 照片集 |
| Source of heading or term | lcstt. |
| 651 #7 - SUBJECT ADDED ENTRY--GEOGRAPHIC NAME | |
| Geographic name | 桃園市楊梅區 |
| Source of heading or term | lcstt. |
| 700 1# - ADDED ENTRY--PERSONAL NAME | |
| Personal name | 吳金淼 |
| 700 1# - ADDED ENTRY--PERSONAL NAME | |
| Personal name | 吳金榮 |
| 830 #0 - SERIES ADDED ENTRY--UNIFORM TITLE | |
| Uniform title | 新台灣史記 ; |
| Volume/sequential designation | 14. |
| 942 ## - ADDED ENTRY ELEMENTS (KOHA) | |
| Source of classification or shelving scheme | 中文圖書分類法 |
| Koha item type | 一般圖書 |
| 撤銷狀態 | 遺失狀態 | 分類號來源 | 損壞狀態 | 不外借 | 永久館藏地 | 現在館藏地 | 採購日期 | 全部借出 | 全部續借 | 完整索書號 | 條碼號 | 最後一次日期記錄 | Date last checked out | 一般價格有效日期 | Koha館藏類型 | 公開資訊 |
|---|---|---|---|---|---|---|---|---|---|---|---|---|---|---|---|---|
| 未註銷館藏 | 未遺失 | 中文圖書分類法 | 未損毀 | 可外借 | 怡仁綜合醫院圖書館 | 怡仁綜合醫院圖書館 | 2024-10-24 | 4 | 2 | 733.9 / 109.9 / 117.4 | C03188 | 2025-07-30 | 2025-07-24 | 2024-10-24 | 一般圖書 | 他們的作品閃耀著浪漫、自信、詩意的人性象徵。 這些照片不僅是攝影學,更是社會學、人類學共有的人類遺產。 |